Countries Where Men Are Taller Than World Average - Statistics

General Stats
  • This quiz has been taken 44 times
  • The average score is 27 of 37
Answer Stats
cm Country % Correct
180.0 Germany
97%
184.5 Netherlands
97%
180.3 Sweden
94%
180.0 Finland
92%
182.9 Iceland
92%
180.9 Norway
92%
178.9 Belgium
89%
178.4 Canada
89%
183.8 Denmark
89%
182.5 Estonia
89%
182.0 Latvia
89%
181.2 Lithuania
89%
180.6 Poland
89%
182.1 Serbia
89%
181.0 Slovakia
89%
178.5 Austria
86%
183.2 Croatia
86%
181.7 Czech Republic
86%
181.3 Slovenia
86%
178.6 Australia
83%
180.2 Belarus
83%
180.7 Ukraine
81%
184.1 Bosnia and Herzegovina
78%
179.2 Ireland
78%
184.7 Montenegro
78%
178.5 Switzerland
75%
178.2 Romania
72%
179.6 Greece
67%
178.8 Andorra
39%
178.2 Barbados
33%
180.5 Dominica
33%
178.7 Grenada
31%
178.7 Saint Lucia
31%
179.7 Antigua and Barbuda
28%
178.3 Saint Kitts and Nevis
28%
178.3 Saint Vincent and the Grenadines
28%
179.9 Lebanon
22%
No matching quizzes found
Score Distribution
Percent of People with Each Score
Percentile by Number Answered
Your Score History
You have not taken this quiz